<?xml version="1.0" encoding="UTF-8"?><?xml-stylesheet type="text/xsl" href="static/style.xsl"?><OAI-PMH xmlns="http://www.openarchives.org/OAI/2.0/" xmlns:xsi="http://www.w3.org/2001/XMLSchema-instance" xsi:schemaLocation="http://www.openarchives.org/OAI/2.0/ http://www.openarchives.org/OAI/2.0/OAI-PMH.xsd"><responseDate>2026-04-14T03:15:05Z</responseDate><request verb="GetRecord" identifier="oai:www.recercat.cat:2072/521800" metadataPrefix="marc">https://recercat.cat/oai/request</request><GetRecord><record><header><identifier>oai:recercat.cat:2072/521800</identifier><datestamp>2025-06-09T07:01:03Z</datestamp><setSpec>com_2072_220028</setSpec><setSpec>com_2072_4427</setSpec><setSpec>col_2072_479371</setSpec></header><metadata><record xmlns="http://www.loc.gov/MARC21/slim" xmlns:dcterms="http://purl.org/dc/terms/" xmlns:xsi="http://www.w3.org/2001/XMLSchema-instance" xmlns:doc="http://www.lyncode.com/xoai" xsi:schemaLocation="http://www.loc.gov/MARC21/slim http://www.loc.gov/standards/marcxml/schema/MARC21slim.xsd">
   <leader>00925njm 22002777a 4500</leader>
   <datafield ind2=" " ind1=" " tag="042">
      <subfield code="a">dc</subfield>
   </datafield>
   <datafield ind2=" " ind1=" " tag="720">
      <subfield code="a">Lorrio Alvarado, Alberto José</subfield>
      <subfield code="e">author</subfield>
   </datafield>
   <datafield ind2=" " ind1=" " tag="720">
      <subfield code="a">Pastor Quiles, María</subfield>
      <subfield code="e">author</subfield>
   </datafield>
   <datafield ind2=" " ind1=" " tag="720">
      <subfield code="a">Pino Curbelo, Miguel del</subfield>
      <subfield code="e">author</subfield>
   </datafield>
   <datafield ind2=" " ind1=" " tag="720">
      <subfield code="a">Martínez Mira, Isidro</subfield>
      <subfield code="e">author</subfield>
   </datafield>
   <datafield ind2=" " ind1=" " tag="260">
      <subfield code="c">2022-04-11</subfield>
   </datafield>
   <datafield ind2=" " ind1=" " tag="520">
      <subfield code="a">Se analiza un conjunto de tres discos de cerámica procedentes de los niveles del Hierro Antiguo de Peña Negra. Presentan diferentes acabados y estarían provistos de asas, por lo que deben interpretarse como tapaderas de grandes recipientes de almacenaje. Se ha realizado el estudio petrográfico y mineralógico mediante microdifracción de rayos X (µDRX). Los resultados indican que se trata de piezas de composición relativamente homogénea y de probable producción local, cocidas a baja temperatura. Se revisa el hallazgo de objetos similares en otros contextos del Hierro Antiguo, destacando los recuperados en el Noreste peninsular y el Valle del Ebro, donde además se localizan discos-tapadera realizados en yeso similares a dos ejemplares recuperados en Peña Negra, donde es un material frecuente empleado en la construcción y en la fabricación de objetos</subfield>
   </datafield>
   <datafield ind2=" " ind1=" " tag="520">
      <subfield code="a">A set of three ceramic discs from the Early Iron Age levels of Peña Negra are analysed. They exhibit differences in surface treatment and would have been fitted with handles, so they should be interpreted as lids of large storage vessels. Samples of each disc were studied by means of petrographic and mineralogical analysis (X-ray micro-diffraction, µDRX). Resulting data indicate that those are pieces of relatively homogeneous composition and that were probably locally produced, fired at low temperatures. The discovery of similar objects in other Early Iron Age contexts is reviewed, highlighting those recovered in the Northeast of the Iberian Peninsula and the Ebro Valley, where gypsum discs have also been found, similar to two examples found in Peña Negra. In this site, gypsum was commonly used as raw material in building activities and other crafts.</subfield>
   </datafield>
   <datafield ind1="8" ind2=" " tag="024">
      <subfield code="a">1133-4525</subfield>
   </datafield>
   <datafield ind1="8" ind2=" " tag="024">
      <subfield code="a">2255-3924</subfield>
   </datafield>
   <datafield ind1="8" ind2=" " tag="024">
      <subfield code="a">http://hdl.handle.net/2072/521800</subfield>
   </datafield>
   <datafield ind1="8" ind2=" " tag="024">
      <subfield code="a">https://doi.org/10.12795/spal.2022.i31.06</subfield>
   </datafield>
   <datafield ind2="0" ind1="0" tag="245">
      <subfield code="a">Los discos-tapadera cerámicos de Peña Negra (Crevillent, Alicante) y su problemática en la península ibérica durante el Hierro Antiguo</subfield>
   </datafield>
</record></metadata></record></GetRecord></OAI-PMH>